000 00360nam a2200145Ia 4500
008 090124s9999 xx 000 0 und d
082 _b134837
245 _a आषाढमेघ
250 _a1
260 _bगोळे रेवती
_c2007
300 _a175
630 _a आषाढमेघ
730 _a आषाढमेघ
942 _cBOOK
999 _c194877
_d194877